Zufällige Flaggen- extrem - Statistiken

Allgemein
  • Dieses Quiz wurde 17 mal gespielt
  • Das Durchschnittsergebnis liegt bei 3 aus 10
Antwortstatistiken
Bildquiz Hint Antwort % Korrekt
Bailiwick of Guernsey
100%
Burgenland
100%
Französische Süd- und Antarktisgebiete
100%
inoffiziell Guadeloupe
100%
Kastilien und León
100%
Kokosinseln
100%
Land Salzburg
100%
La Rioja
100%
Flagge der Unabhängigkeitspartei Neukaledonien
100%
Norfolkinsel
100%
Steiermark
100%
Land Tirol
50%
Limburg(NL)
50%
Woiwodschaft Pommern
50%
Abchasien
0%
Abruzzen
0%
Andalusien
0%
Aostatal
0%
Apulien
0%
Aragonien
0%
Ascension
0%
Asturien
0%
Azoren
0%
Bailiwick of Jersey
0%
Basilikata
0%
Bern(Kanton)
0%
Bonaire
0%
Bourgogne-Franche-Comté
0%
Cayman Islands
0%
Ceuta
0%
Emilia-Romagna
0%
Extremadura
0%
Falklandinseln
0%
historisch Föderation Malaya
0%
Friaul-Julisch Venetien
0%
Galicien
0%
Gelderland
0%
Genf(Kanton)
0%
Inguschetien
0%
historisch Kaiserreich Korea
0%
Kalabrien
0%
Kampanien
0%
Kanarische Inseln
0%
Kantabrien
0%
Kastilien-La Mancha
0%
Land Wien
0%
inoffiziell La Réunion
0%
Las Palmas
0%
Latium
0%
Ligurien
0%
Lombardei
0%
Madeira
0%
Madrid
0%
Marken
0%
Martinique
0%
Melilla
0%
Molise
0%
Montserrat
0%
Murcia(Region)
0%
Navarra
0%
historisch Niederländische Antillen
0%
Nordholland
0%
Nördliche Marianen
0%
Normandie
0%
Nouvelle-Aquitaine
0%
Ogaden
0%
Pays de la Loire
0%
Piemont
0%
Pitcairninseln
0%
Provence-Alpes-Côte d’Azur
0%
Puntland
0%
Region Sjælland
0%
(historisch) Republik Arzach
0%
Republika Srpska
0%
Republik Westpapua
0%
historisch Rhodesien
0%
Saba
0%
Saint-Pierre und Miquelon
0%
Sansibar
0%
Santa Cruz de Tenerife
0%
Sint Eustatius
0%
Sint Maarten
0%
Somaliland
0%
Südgeorgien und die Südlichen Sandwichinseln
0%
Südossetien
0%
Tokelau
0%
Toskana
0%
Transnistrien
0%
Trentino-Südtirol
0%
historisch Tschetschenische Republik Itschkerien
0%
Umbrien
0%
Valencianische Gemeinschaft
0%
Venetien
0%
Wallis und Futuna
0%
Weihnachtsinsel
0%
West-Togoland
0%
Woiwodschaft Masowien
0%
Woiwodschaft Schlesien
0%
Woiwodschaft Westpommern
0%
Zürich(Kanton)
0%
Keine übereinstimmenden Quizze gefunden
Verteilung der Resultate
Anzahl Personen mit jedem Resultat
Perzentil nach korrekt beantworteten Fragen
Ihre Resultats-Entwicklung
Sie haben dieses Quiz noch nicht gespielt